<?xml version="1.0" encoding="UTF-8"?>
<record
    xmlns:xsi="http://www.w3.org/2001/XMLSchema-instance"
    xsi:schemaLocation="http://www.loc.gov/MARC21/slim http://www.loc.gov/standards/marcxml/schema/MARC21slim.xsd"
    xmlns="http://www.loc.gov/MARC21/slim">

  <leader>02929    a2200229   4500</leader>
  <controlfield tag="001">51616</controlfield>
  <controlfield tag="005">20260407155803.0</controlfield>
  <controlfield tag="008">260407a2017    arg                 spa d</controlfield>
  <controlfield tag="003">AR-UNSa-BCEJYS</controlfield>
  <datafield tag="040" ind1=" " ind2=" ">
    <subfield code="a">AR-UNSa-BCEJYS</subfield>
    <subfield code="b">spa</subfield>
    <subfield code="c">AR-UNSa-BCEJYS</subfield>
  </datafield>
  <datafield tag="080" ind1=" " ind2=" ">
    <subfield code="a">343.359</subfield>
    <subfield code="x">Delitos contra el fisco y otras autoridades administrativas (Derecho Penal Tributario, Delitos fiscales)</subfield>
  </datafield>
  <datafield tag="245" ind1="1" ind2="0">
    <subfield code="a">Institutos de Derecho penal tributario</subfield>
  </datafield>
  <datafield tag="020" ind1=" " ind2=" ">
    <subfield code="a">978-987-745-198-6</subfield>
  </datafield>
  <datafield tag="264" ind1=" " ind2="1">
    <subfield code="a">Buenos Aires :</subfield>
    <subfield code="b">AD-HOC</subfield>
    <subfield code="c">2017</subfield>
  </datafield>
  <datafield tag="300" ind1=" " ind2=" ">
    <subfield code="a">2 v. (646 ; 635 p.)</subfield>
    <subfield code="c">23 cm.</subfield>
  </datafield>
  <datafield tag="505" ind1=" " ind2=" ">
    <subfield code="a">Vol. I: 1. Justificaci&#xF3;n de la pena y l&#xED;mites al poder punitivo - 2. Aspecto temporal de las leyes penales y tributarias - 3. Aspectos b&#xE1;sicos de la imputaci&#xF3;n - 4. Otros aspectos de la imputaci&#xF3;n - 5. Punibilidad, penas y formas de extinci&#xF3;n de la responsabilidad -- Vol. II: 1. Denuncia de la AFIP en el proceso penal tributario - 2. &#xBF;M&#xED;nima intervenci&#xF3;n o intervneci&#xF3;n "m&#xED;nima" del derecho penal en materia tributaria? - 3. Los il&#xED;citos y sanciones del art. 40 de la ley de procedimiento tributario y la aplicaci&#xF3;n retroactiva de la ley 27.430 en funci&#xF3;n del principio de ley penal m&#xE1;s benigna - 4. Aspectos procedimentales del nuevo R&#xE9;gimen Penal tributario - 5. Beneficios fiscales.Conceptos - 6. Los delitos fiscales en el proyecto de reforma del c&#xF3;digo penal - 7. &#xBF;La tutela de las haciendas locales por el Congreso nacional puede considerarse constitucional? - 8. Refrescando notas sobre las derivaciones de la utilizaci&#xF3;n de facturas ap&#xF3;crifas - 9. Evasi&#xF3;n fiscal agravada por la utilizaci&#xF3;n de facturas ap&#xF3;crifas  - 10. Delitos contra la seguridad social - 11. Criminal compliance - 12. Ampliaci&#xF3;n del campo de imputaci&#xF3;n penal para las empresas  - 13. Avances e incertidumbre en torno a la implemetaci&#xF3;n de reglas procesales para el enjuiciaminto penal de las personas jur&#xED;dicas - 14. Novedades procesales para la imputaci&#xF3;n penal de las personas jur&#xED;dicas - 15. La prescripci&#xF3;n de la acci&#xF3;n penal en el nuevo r&#xE9;gimen penal tribuatario respecto a las personas jur&#xED;dicas - 15. El inicio del plazo de prescripci&#xF3;n de la acci&#xF3;n penal en el delito de evasi&#xF3;n tributaria - 16. La suspensi&#xF3;n del proceso penal a prueba y los delitos tributarios - 17. La preparaci&#xF3;n integral del perjuicio en el marco del R&#xE9;gimen penal tributario - 18. La extinsi&#xF3;n de la acci&#xF3;n penal tribuatria por cancelaci&#xF3;n de obligaciones en la ley 27.430 - 19. Problemas derivados del nuevo art. 19 de la ley penal tributaria - 20. Cuando la primera impresi&#xF3;n no es la que cuenta.Derivaciones de las pautas para no denunciar establecidas por el legislador en el nuevo r&#xE9;gimen penal tributario - 21. Ley de blanqueo</subfield>
  </datafield>
  <datafield tag="041" ind1=" " ind2=" ">
    <subfield code="a">spa</subfield>
  </datafield>
  <datafield tag="942" ind1=" " ind2=" ">
    <subfield code="c">BK</subfield>
  </datafield>
  <datafield tag="590" ind1=" " ind2=" ">
    <subfield code="a">niveau_biblio:m niveau_hierar:0</subfield>
  </datafield>
  <datafield tag="100" ind1="1" ind2=" ">
    <subfield code="a">Robiglio, Carolina L.</subfield>
  </datafield>
  <datafield tag="856" ind1="4" ind2="1">
    <subfield code="u">https://www.biblioeco.unsa.edu.ar/pmb/images/libros/L128263.jpg</subfield>
    <subfield code="y">Imagen de portada</subfield>
    <subfield code="q">image/jpeg</subfield>
  </datafield>
  <datafield tag="999" ind1=" " ind2=" ">
    <subfield code="c">5007</subfield>
    <subfield code="d">5007</subfield>
  </datafield>
  <datafield tag="952" ind1=" " ind2=" ">
    <subfield code="0">0</subfield>
    <subfield code="1">0</subfield>
    <subfield code="4">0</subfield>
    <subfield code="7">0</subfield>
    <subfield code="a">BCEJYS</subfield>
    <subfield code="b">BCEJYS</subfield>
    <subfield code="c">16</subfield>
    <subfield code="d">2026-04-07</subfield>
    <subfield code="l">0</subfield>
    <subfield code="o">P343.359 R654 v.1</subfield>
    <subfield code="p">L128263</subfield>
    <subfield code="r">2026-04-07 15:58:03</subfield>
    <subfield code="w">2026-04-07</subfield>
    <subfield code="y">L</subfield>
  </datafield>
  <datafield tag="952" ind1=" " ind2=" ">
    <subfield code="0">0</subfield>
    <subfield code="1">0</subfield>
    <subfield code="4">0</subfield>
    <subfield code="7">0</subfield>
    <subfield code="a">BCEJYS</subfield>
    <subfield code="b">BCEJYS</subfield>
    <subfield code="c">16</subfield>
    <subfield code="d">2026-04-07</subfield>
    <subfield code="l">0</subfield>
    <subfield code="o">P343.359 R654 v.1</subfield>
    <subfield code="p">L128264</subfield>
    <subfield code="r">2026-04-07 15:58:03</subfield>
    <subfield code="w">2026-04-07</subfield>
    <subfield code="y">L</subfield>
  </datafield>
  <datafield tag="952" ind1=" " ind2=" ">
    <subfield code="0">0</subfield>
    <subfield code="1">0</subfield>
    <subfield code="4">0</subfield>
    <subfield code="7">0</subfield>
    <subfield code="a">BCEJYS</subfield>
    <subfield code="b">BCEJYS</subfield>
    <subfield code="c">16</subfield>
    <subfield code="d">2026-04-07</subfield>
    <subfield code="l">0</subfield>
    <subfield code="o">343.359 R654 v.1</subfield>
    <subfield code="p">L128462</subfield>
    <subfield code="r">2026-04-07 15:58:03</subfield>
    <subfield code="w">2026-04-07</subfield>
    <subfield code="y">L</subfield>
  </datafield>
  <datafield tag="952" ind1=" " ind2=" ">
    <subfield code="0">0</subfield>
    <subfield code="1">0</subfield>
    <subfield code="4">0</subfield>
    <subfield code="7">0</subfield>
    <subfield code="a">BCEJYS</subfield>
    <subfield code="b">BCEJYS</subfield>
    <subfield code="c">16</subfield>
    <subfield code="d">2026-04-07</subfield>
    <subfield code="l">0</subfield>
    <subfield code="o">343.359 R654 v.2</subfield>
    <subfield code="p">L128463</subfield>
    <subfield code="r">2026-04-07 15:58:03</subfield>
    <subfield code="w">2026-04-07</subfield>
    <subfield code="y">L</subfield>
  </datafield>
  <datafield tag="952" ind1=" " ind2=" ">
    <subfield code="0">0</subfield>
    <subfield code="1">0</subfield>
    <subfield code="4">0</subfield>
    <subfield code="7">0</subfield>
    <subfield code="a">BCEJYS</subfield>
    <subfield code="b">BCEJYS</subfield>
    <subfield code="c">16</subfield>
    <subfield code="d">2026-04-07</subfield>
    <subfield code="l">0</subfield>
    <subfield code="o">343.359 R654 v.1</subfield>
    <subfield code="p">L128553</subfield>
    <subfield code="r">2026-04-07 15:58:03</subfield>
    <subfield code="w">2026-04-07</subfield>
    <subfield code="y">L</subfield>
  </datafield>
  <datafield tag="952" ind1=" " ind2=" ">
    <subfield code="0">0</subfield>
    <subfield code="1">0</subfield>
    <subfield code="4">0</subfield>
    <subfield code="7">0</subfield>
    <subfield code="a">BCEJYS</subfield>
    <subfield code="b">BCEJYS</subfield>
    <subfield code="c">16</subfield>
    <subfield code="d">2026-04-07</subfield>
    <subfield code="l">0</subfield>
    <subfield code="o">343.359 R654 v.2</subfield>
    <subfield code="p">L128554</subfield>
    <subfield code="r">2026-04-07 15:58:03</subfield>
    <subfield code="w">2026-04-07</subfield>
    <subfield code="y">L</subfield>
    <subfield code="z">CANTO CON MANCHAS</subfield>
  </datafield>
</record>
